000 00463nam a2200169 i 4500
001 21321
003 ES-MaACL
005 20230906152447.0
007 t|
008 021125s1968 sp ||||1| spa d
100 1 _aAlberdi, Ricardo.
_919274
245 1 0 _aCausas de la polĂ­tica /
_cRicardo Alberdi.
260 _a[S.l.] :
_bEthos,
_c[1968] (
_eIrĂșn)
300 _a33 p. ;
_c32 cm.
500 _aEjemplar multicopista.
852 _aES-MaACL
_j2063-F-13
_bR.66044
999 _c21321
_d21321